000 00532nam a2200193Ia 4500
008 131103s9999 xx 000 0 und d
020 _cRs.30.00
040 _aLoreto College
041 _aEnglish
082 _a891.44B/DUT-DAS
_bLCBED/14899
100 _aDas, Sishirkumar
245 _aMichael
_cSishirkumar Das
260 _aKolkata
_bPapirus
_c2011
300 _a63p.
_c 18c.m.
650 _aDutta, Michael Madhusudan (25th Jan 1824-29th Jun 1873)
651 _aBiography
850 _aLCBED/891.44B/DUT-DAS
942 _cBK
999 _c38218
_d88697